|
|
|
|
| LEADER |
00000nab a2200000 a 4500 |
| 001 |
vtls009162054 |
| 003 |
SK-MaSNL |
| 005 |
20260304153910.0 |
| 008 |
250507c1937 xo |||||| | ||00 b|slo |
| 015 |
|
|
|a SNBRB2007/11
|2 snkbucl
|
| 035 |
|
|
|a (uuid)e4d02fa0-795f-4a10-ac17-63da12ac3c3c
|
| 035 |
|
|
|a urn:nbn:sk:snk-ab1edx
|
| 035 |
|
|
|a (urnnbn)urn:nbn:sk:snk:ar-002ywu
|
| 038 |
|
|
|a SNKBUCL
|
| 040 |
|
|
|a SNKBUCL
|b slo
|c SNKBUCL
|e AACR2
|
| 041 |
0 |
|
|a slo
|
| 044 |
|
|
|a xo
|c SK
|
| 080 |
|
|
|a 811.162.4`366.54
|2 1997
|
| 080 |
|
|
|a 81`366.54:811.162.4
|2 1997
|
| 080 |
|
|
|a 811.162.4`366.548
|2 1997
|
| 080 |
|
|
|a 81`366.548:811.162.4
|2 1997
|
| 100 |
1 |
|
|a Letz, Belo,
|d 1902-1971
|4 aut
|9 37343
|
| 245 |
1 |
0 |
|a Inštrumentál s predložkou s
|c Belo Letz
|
| 504 |
|
|
|a Bibliogr. odkazy
|
| 650 |
0 |
7 |
|a slovenčina
|2 snkbucl
|9 1350
|
| 650 |
0 |
7 |
|a gramatické kategórie
|2 snkbucl
|9 20091
|
| 650 |
0 |
7 |
|a gramatické pády
|2 snkbucl
|9 1219809
|
| 650 |
0 |
7 |
|a inštrumentál
|2 snkbucl
|9 1292281
|
| 650 |
0 |
7 |
|a inštrumentál s predložkou s
|2 snkbucl
|9 1477927
|
| 773 |
0 |
|
|t Slovenská reč
|g Roč. V, č. 7-8 (1936/1937), s. 202-208
|
| 850 |
|
|
|a Slovenská národná knižnica
|
| 852 |
|
|
|a Slovenská národná knižnica
|
| 954 |
|
|
|a odborná, vedecká literatúra pôvodná (slovenská)
|2 lita
|
| 958 |
|
|
|a article27
|
| 958 |
|
|
|a OND
|
| 958 |
|
|
|a EUIPO
|
| 999 |
|
|
|c 2955400
|d 2957330
|